000 00456nam a22001697a 4500
003 NUST - PNEC
005 20170116180911.0
008 150903b xxu||||| |||| 00| 0 eng d
020 _a-
040 _cLIBRARY
082 _a620.11 AST
100 _96937
_aASTM
245 _a1984 annual book of astm standards Section 00 : index
_cASTM (American Society for Testing and Materials)
260 _cc.1984
650 _96975
_aIndex
_xME
942 _2ddc
_cBK
999 _c65246
_d65246